000 00585nkm a2200169 i 4500
001 21598
003 ES-MaACL
005 20230906152518.0
007 k
008 021126q1900 fr --- |00 ||fre d
245 0 0 _aAciéries du Rhin à Ruhrort (Allemagne) [
_hMaterial gráfico].
260 _a[S.l. :
_bs.n.,
_cca. 1900]
300 _a1 carpeta (10 fotos bl. y n., algunas con texto) ;
_c56 cm.
546 _aTextos en alemán, inglés y francés.
650 4 _aIndustria siderúrgica-
_zAlemania.
_9151548
852 _aES-MaACL
_jB-6734
_z- Enc. en carpeta de tela azul, hierros secos
999 _c21598
_d21598